Clase 3 : De la oralidad a la escritura (1º parte).

Clase televisiva interactiva. Tema: de la oralidad a la escritura.

Guardado en:
Autor Corporativo: Consudec.
Formato: Deslizar
Series:Red federal de formación docente continua
Materias:
Etiquetas: Agregar Etiqueta
Sin Etiquetas, Sea el primero en etiquetar este registro!
LEADER 00840ngm a22002535g 4500
001 CEM.cems022285
008 130507b1997##################0###0#####d
005 20241015174307.0
245 1 0 |a Clase 3 :  |b De la oralidad a la escritura (1º parte). 
300 |a 27'. 
490 0 |a Red federal de formación docente continua 
500 |a En soporte VHS, consultar en ventanilla. 
520 |a Clase televisiva interactiva. Tema: de la oralidad a la escritura. 
538 |a Soporte: VHS - Norma: Pal N - Color: Si - Original 1997 - Hitachi=2700 
110 2 |a Consudec. 
082 4 0 |/ CON-1 
653 |a LENGUA 
653 |a ORALIDAD 
653 |a ESCRITURA 
653 |a LENGUAJE 
653 |a CONSUDEC 
653 |a NIVEL PRIMARIO 
653 |a NIVEL SECUNDARIO 
859 |a CEMS  |b BIB. CEMS - Depto. Recursos Didacticos  |h 407  |i CON-1  |k DRD  |p 928.12  |t Ej.1